• 首页
  • 本馆介绍
  • 公告通知
  • 最新文献
  • 馆藏检索
  • 电子资源
  • 读者导购
  • 参考咨询
  • 我的图书馆
  • 登录
  • 详细信息显示
  • 放入我的书架
  • 预约/预借图书
  • 作者相关作品
  • 分类相关作品
  • 丛书相关作品
  • 出版社相关作品

书目信息

  • 表格格式
  • 工作单格式
  • 卡片格式
题名:
现代西方哲学讲演集
    
 
作者: 贺麟 著
分册:  
出版信息: 上海   上海人民出版社  1984
页数: 442页
开本: 21cm
丛书名:
单 册:
中图分类: B505
科图分类:
主题词: 哲学--欧洲--现代
电子资源:
ISBN:
000 00621nam0 2200229 45
001 0184010058
005 20050527083521.1
010    @dCNY1.45
091    @a2074.420
100    @a19950403d1984 mk y0chiy0121 ea
101 0  @achi
102    @aCN@b310000
105    @ac z 000yy
200 10 @a现代西方哲学讲演集@Axian dai xi fang zhe xue jiang yan ji@f贺麟著@FHe Lin Zhu
210    @a上海@c上海人民出版社@d1984
215    @a442页@c肖像@d21cm
606    @a哲学@y欧洲@z现代
690    @aB505@v3
701  0 @a贺麟@4著
801  0 @aCN@b上海图书馆@c20050526
801  2 @aCN@bNLC@c20050526
905    @f1@b218079@dB505@e24
    
    现代西方哲学讲演集/贺麟著.-上海:上海人民出版社,1984
    442页:肖像;21cm
    
    
    ISBN :CNY1.45
    
●
相关链接 在E读中查询图书 在五车中查询图书 在当当中查询图书 在豆瓣中查询图书


正题名:现代西方哲学讲演集     索取号:B505/24         预约/预借

序号 登录号 条形码 馆藏地/架位号 状态 备注
1 0218079   002041267   第一样本阅览室/ [索取号:B505/24] 在馆    
唐山师范学院图书馆 欢迎您!
大连网信软件有限公司© 版权所有